000 00353 a2200145 4500
001 64194
040 _cAnchieta - Pituba
100 _aAzevedo, Álvares de
240 1 0 _aNoite na taverna e Lira dos vinte anos
_lpor
245 1 0 _aNoite na taverna e Lira dos vinte anos
300 _a318
362 0 _a20
650 4 _aFicção brasileira
942 _cBK
999 _c64194
_d64194